Jacinto Jijón y Caamaño / (Record no. 15892)
[ view plain ]
| 000 -CABECERA | |
|---|---|
| campo de control de longitud fija | 00776nam a2200181 a 4500 |
| 001 - NÚMERO DE CONTROL | |
| campo de control | 000016357 |
| 005 - FECHA Y HORA DE LA ÚLTIMA TRANSACCIÓN | |
| campo de control | 20200929164404.0 |
| 008 - DATOS DE LONGITUD FIJA--INFORMACIÓN GENERAL | |
| campo de control de longitud fija | 500101s1960 mx 000 0dspa d |
| 040 ## - FUENTE DE LA CATALOGACIÓN | |
| Centro catalogador/agencia de origen | DO-SdBNP |
| Lengua de catalogación | spa |
| Centro/agencia transcriptor | BNPHU |
| 100 1# - ENTRADA PRINCIPAL--NOMBRE DE PERSONA | |
| Nombre de persona | Jijón y Caamaño, Jacinto, |
| Fechas asociadas al nombre | 1890-1950. |
| 9 (RLIN) | 36477 |
| 245 10 - MENCIÓN DE TÍTULO | |
| Título | Jacinto Jijón y Caamaño / |
| Mención de responsabilidad, etc. | estudio y selecciones de Julio Tobar Donoso. |
| 260 ## - PUBLICACIÓN, DISTRIBUCIÓN, ETC. | |
| Lugar de publicación, distribución, etc. | Puebla, México : |
| Nombre del editor, distribuidor, etc. | J. M. Cajica, |
| Fecha de publicación, distribución, etc. | 1960. |
| 300 ## - DESCRIPCIÓN FÍSICA | |
| Extensión | 475 p. ; |
| Dimensiones | 21cm. |
| 490 0# - MENCIÓN DE SERIE | |
| Mención de serie | Biblioteca ecuatoriana mínima. La colonia y la república |
| 500 ## - NOTA GENERAL | |
| Nota general | A cabeza de tít.: Publicación auspiciada por la Secretaría General de la Undécima Conferencia Interamericana, Quito, Ecuador, 1960 |
| 651 #0 - PUNTO DE ACCESO ADICIONAL DE MATERIA--NOMBRE GEOGRÁFICO | |
| Nombre geográfico | Ecuador |
| Subdivisión general | Política Y Gobierno |
| Subdivisión cronológica | 1830- |
| 9 (RLIN) | 36478 |
| 651 #0 - PUNTO DE ACCESO ADICIONAL DE MATERIA--NOMBRE GEOGRÁFICO | |
| Nombre geográfico | Ecuador |
| Subdivisión general | Condiciones Sociales |
| 9 (RLIN) | 30372 |
| Estado de retiro | Estado de pérdida | Restricciones de uso | No para préstamo | Código de colección | Localización permanente | Ubicación/localización actual | Ubicación en estantería | Fecha de adquisición | Número de inventario | Total de préstamos | Signatura topográfica completa | Código de barras | Fecha visto por última vez | Precio válido a partir de | Tipo de ítem Koha |
|---|---|---|---|---|---|---|---|---|---|---|---|---|---|---|---|
| Excluido de préstamo | Monografías: Libros y Folletos | General | General | En catalogación | 03.03.2010 | LF1 | 16357-10 | 25.06.2020 | 25.06.2020 | No se presta |
